Most Populous Cities in Metro Los Angeles - Statistics

General Stats
  • This quiz has been taken 35 times
    34 since last reset
  • The average score is 30 of 70
Answer Stats
Hint Answer % Correct
3,792,621 Los Angeles
100%
336,265 Anaheim
97%
462,257 Long Beach
97%
324,528 Santa Ana
84%
191,719 Glendale
78%
189,992 Huntington Beach
78%
212,375 Irvine
78%
92,494 Santa Monica
78%
108,082 Burbank
75%
300,430 Riverside
75%
173,188 Ontario
72%
118,868 Inglewood
69%
176,320 Santa Clarita
69%
137,122 Pasadena
66%
145,438 Torrance
66%
99,431 Compton
63%
141,634 Orange
63%
128,564 Thousand Oaks
63%
145,074 Lancaster
53%
86,252 Newport Beach
50%
152,750 Palm Dale
50%
125,814 Simi Valley
50%
188,498 Fontana
47%
177,736 Rancho Cucamonga
47%
108,787 Ventura
47%
84,173 Chino
44%
78,725 Chino
44%
148,597 Corona
44%
137,624 Fullerton
44%
170,883 Garden Grove
44%
102,604 Temecula
44%
98,159 Carson
41%
126,308 El Monte
41%
88,184 Hesperia
41%
186,301 Moreno Valley
41%
149,058 Pomona
41%
109,441 Victorville
41%
112,648 West Covina
41%
113,469 Downey
38%
116,479 Costa Mesa
34%
74,361 Hemet
34%
109,567 Norwalk
34%
67,646 Redondo Beach
34%
93,284 Westminster
34%
89,979 Hawthorne
31%
100,714 Murrieta
31%
204,483 San Bernadino
31%
102,770 South Gate
31%
86,788 Whittier
31%
56,565 Arcadia
28%
82,230 Indio
25%
100,022 Rialto
25%
74,825 Tustin
25%
84,812 Baldwin Park
22%
83,385 Buena Park
22%
34,926 Claremont
22%
60,360 Diamond Bar
22%
61,810 Gardena
22%
100,242 Mission Viejo
22%
68,399 Yorba Linda
22%
89,171 Alhambra
19%
75,035 Upland
19%
69,861 Apple Valley
16%
66,149 Camarillo
16%
83,508 Lakewood
16%
71,646 Redlands
16%
78,344 Lake Forest
13%
54,855 Cerritos
9%
65,667 Montebello
9%
57,874 Paramount
9%
No matching quizzes found
Score Distribution
Percent of People with Each Score
Percentile by Number Answered
Your Score History
You have not taken this quiz since the last reset